| 000 | 00956cam a2200253 4500 | ||
|---|---|---|---|
| 001 | ABS64418 | ||
| 008 | 010912n2001 000 0 eng u | ||
| 035 | _a(Sirsi) u114555 | ||
| 100 | _aBone, D | ||
| 245 | _aOn the street where you live | ||
| 260 | _c2001 | ||
| 490 |
_aLandscape Design _v(303) September 2001, 46-47(2) |
||
| 520 | _aLooks at Placecheck, a new audit method from the Urban Design Alliance (UDAL) which aims to link people and place together as important elements in urban design. A user's guide to Placecheck is available from UDAL and can be downloaded from http://www.placecheck.com | ||
| 590 | _aABS | ||
| 650 | _aURBAN DESIGN | ||
| 650 | _aURBAN DESIGN ALLIANCE | ||
| 650 | _aENVIRONMENTAL AUDITS | ||
| 650 | _aURBAN WHITE PAPER | ||
| 650 | _aURBAN PLANNING | ||
| 650 | _aLOCAL COMMUNITIES | ||
| 650 | _aLOCAL DEVELOPMENT PLANS | ||
| 690 | _aENVIRONMENTAL AND LAND CONSULTANCY-PLANNING AND DEVELOPMENT | ||
| 942 | _n0 | ||
| 999 |
_c68257 _d68257 |
||